Our perfect book, the Bible. (Record no. 3368)

000 -LEADER
fixed length control field 00662nam a2200193 a 4500
001 - CONTROL NUMBER
control field :::00001098$&:&@@
003 - CONTROL NUMBER IDENTIFIER
control field OkBaRHE
005 - DATE AND TIME OF LATEST TRANSACTION
control field 20000607103241.0
008 - FIXED-LENGTH DATA ELEMENTS--GENERAL INFORMATION
fixed length control field s1958 j 000 0 eng u
040 ## - CATALOGING SOURCE
Transcribing agency
100 1# - MAIN ENTRY--PERSONAL NAME
Personal name Rice, John R., 1895-
245 10 - TITLE STATEMENT
Title Our perfect book, the Bible.
260 ## - PUBLICATION, DISTRIBUTION, ETC. (IMPRINT)
Place of publication, distribution, etc Murfreesboro, TN., :
Name of publisher, distributor, etc Sword Of The Lord
Date of publication, distribution, etc c1958
300 ## - PHYSICAL DESCRIPTION
Extent 38 p. ;
Dimensions 19 cm.
650 ## - SUBJECT ADDED ENTRY--TOPICAL TERM
Topical term or geographic name as entry element Bible
General subdivision Addresses, Essays, Lectures
942 ## - ADDED ENTRY ELEMENTS (KOHA)
Source of classification or shelving scheme
Koha item type Books
Copies
Date acquired Lost status Barcode Shelving location Copy number Permanent Location Not for loan Koha item type Damaged status Price effective from Source of classification or shelving scheme Full call number Date last seen Withdrawn status
2010-04-14 1098General Stacks1RHEMA Bible Training College Books 2010-04-14 BS 540 .R4822018-02-16 
2010-04-14 21162General Stacks2RHEMA Bible Training College Books 2010-04-14 BS 540 .R4822018-02-16